Loading...
| Literature - World | 0 | 11 | 1 | 0 | 105 | 62 | 115.45 | 3 | 4 | 0.00 | 0.00 |
| Fine Arts - Classical Music | 0 | 8 | 3 | 0 | 65 | 80 | 114.13 | 0 | 3 | 0.00 | 0.00 |
| History - Other | 0 | 6 | 0 | 1 | 60 | 98 | 130.33 | 0 | 0 | 0.00 | 0.00 |
| Philosophy | 0 | 6 | 1 | 1 | 55 | 87 | 116.67 | 1 | 1 | 0.00 | 0.00 |
| History - European | 0 | 6 | 2 | 1 | 50 | 96 | 128.50 | 1 | 1 | 0.00 | 0.00 |
| Literature - British | 0 | 5 | 2 | 1 | 40 | 119 | 131.40 | 1 | 1 | 0.00 | 0.00 |
| Mythology | 0 | 5 | 2 | 0 | 40 | 73 | 114.80 | 1 | 1 | 0.00 | 0.00 |
| Religion | 0 | 5 | 2 | 1 | 40 | 101 | 125.40 | 1 | 1 | 0.00 | 0.00 |
| Science - Other | 0 | 4 | 0 | 0 | 40 | 66 | 120.75 | 0 | 1 | 0.00 | 0.00 |
| Current Events | 0 | 3 | 0 | 2 | 30 | 122 | 135.67 | 0 | 0 | 0.00 | 0.00 |
| History - World | 0 | 4 | 2 | 1 | 30 | 107 | 128.00 | 0 | 0 | 0.00 | 0.00 |
| Literature - European | 0 | 4 | 2 | 1 | 30 | 104 | 135.25 | 0 | 0 | 0.00 | 0.00 |
| Social Science | 0 | 3 | 1 | 1 | 25 | 100 | 119.33 | 1 | 1 | 0.00 | 0.00 |
| Science - Physics | 0 | 2 | 0 | 2 | 20 | 122 | 126.00 | 1 | 1 | 0.00 | 0.00 |
| Other Academic | 0 | 2 | 0 | 0 | 20 | 91 | 105.00 | 0 | 1 | 0.00 | 0.00 |
| Literature - American | 0 | 2 | 1 | 0 | 15 | 113 | 118.50 | 0 | 0 | 0.00 | 0.00 |
| Fine Arts - Painting & Sculpture | 0 | 2 | 1 | 0 | 15 | 132 | 139.50 | 0 | 0 | 0.00 | 0.00 |
| Fine Arts - Other | 0 | 2 | 2 | 0 | 10 | 118 | 119.00 | 0 | 0 | 0.00 | 0.00 |
| Science - Biology | 0 | 1 | 1 | 1 | 5 | 136 | 136.00 | 0 | 0 | 0.00 | 0.00 |
| Geography | 0 | 1 | 1 | 0 | 5 | 107 | 107.00 | 0 | 0 | 0.00 | 0.00 |
| History - American | 0 | 1 | 1 | 0 | 5 | 109 | 109.00 | 0 | 1 | 0.00 | 0.00 |
| Science - Chemistry | 0 | 0 | 2 | 0 | -10 | 0.00 | 0 | 0 | 0.00 | 0.00 |